000 00442nam a22001577a 4500
005 20250213163147.0
008 250213b |||||||| |||| 00| 0 eng d
020 _a9780745950167
050 _aBS 1140.3.D73
_b1
100 _aDRANE,John
245 _aIntroducing the old testament:
_bcompletely and revised and updated
260 _aEngland
_b A lion Book
_c2000c
300 _a366p
500 _aindex, pic, maps, tables
942 _2lcc
_cBK
_n0
999 _c3837
_d3837